Principles and practice of laser dentistry / (Record no. 21341)
[ view plain ]
| 000 -LEADER | |
|---|---|
| fixed length control field | 01612cam a22002655a 4500 |
| 001 - CONTROL NUMBER | |
| control field | 16050385 |
| 005 - DATE AND TIME OF LATEST TRANSACTION | |
| control field | 20170111145841.0 |
| 008 - FIXED-LENGTH DATA ELEMENTS--GENERAL INFORMATION | |
| fixed length control field | 100111t2011 moua frbd 001 0 eng d |
| 020 ## - INTERNATIONAL STANDARD BOOK NUMBER | |
| International Standard Book Number | 9780323062060 (hc : alk. paper) |
| 020 ## - INTERNATIONAL STANDARD BOOK NUMBER | |
| International Standard Book Number | 0323062067 (hc : alk. paper) |
| 040 ## - CATALOGING SOURCE | |
| Original cataloging agency | DNLM/DLC |
| Transcribing agency | DLC |
| Modifying agency | YDX |
| -- | BTCTA |
| -- | NLM |
| -- | YDXCP |
| -- | JAA |
| -- | PAU |
| -- | DLC |
| -- | EG-ScBUE |
| -- | EG-ScBUE |
| Language of cataloging | eng |
| 082 04 - DEWEY DECIMAL CLASSIFICATION NUMBER | |
| Edition number | 22 |
| Classification number | 617.605 |
| Item number | PRI |
| 245 00 - TITLE STATEMENT | |
| Title | Principles and practice of laser dentistry / |
| Statement of responsibility, etc | [edited by] Robert A. Convissar. |
| 260 ## - PUBLICATION, DISTRIBUTION, ETC. (IMPRINT) | |
| Place of publication, distribution, etc | Missouri : |
| Name of publisher, distributor, etc | Mosby / Elsevier, |
| Date of publication, distribution, etc | c.2011. |
| 300 ## - PHYSICAL DESCRIPTION | |
| Extent | xxii, 328 p. : |
| Other physical details | ill. (col.) ; |
| Dimensions | 28 cm. |
| 500 ## - GENERAL NOTE | |
| General note | Glossary : p. 315-318. |
| 500 ## - GENERAL NOTE | |
| General note | Index : p. 319-328. |
| 504 ## - BIBLIOGRAPHY, ETC. NOTE | |
| Bibliography, etc | Includes bibliographical references. |
| 505 0# - FORMATTED CONTENTS NOTE | |
| Formatted contents note | Einstein's "splendid light" : origins and dental applications -- Laser fundamentals -- Laser-assisted non-surgical periodontal therapy -- Lasers in surgical periodontics -- Regenerative laser periodontal therapy -- Oral surgery for the general practitioner -- Lasers in implant dentistry -- Lasers in fixed prosthetic and cosmetic reconstruction -- Laser enhanced removable prosthetic reconstruction -- Lasers in endodontics -- Lasers in restorative dentistry -- Lasers in pediatric dentistry -- Soft tissue laser in orthodontics -- Lasers in major oral and maxillofacial surgery procedures -- Low level lasers in dentistry -- Introducing lasers into the dental practice -- Laser dentistry research. |
| 650 #0 - SUBJECT ADDED ENTRY--TOPICAL TERM | |
| Topical term or geographic name as entry element | Lasers in dentistry. |
| Source of heading or term | BUEsh |
| 9 (RLIN) | 39935 |
| 651 ## - SUBJECT ADDED ENTRY--GEOGRAPHIC NAME | |
| Source of heading or term | BUEsh |
| 653 ## - INDEX TERM--UNCONTROLLED | |
| Resource For college | |
| Arrived date list | March2016 |
| -- | January2017 |
| 700 1# - ADDED ENTRY--PERSONAL NAME | |
| Personal name | Convissar, Robert A., |
| Relator term | editor. |
| 942 ## - ADDED ENTRY ELEMENTS (KOHA) | |
| Source of classification or shelving scheme | Dewey Decimal Classification |
| Withdrawn status | Item status | Source of classification or shelving scheme | Damaged status | Not for loan | Vendor | Home library | Current library | Shelving location | Date acquired | Source of acquisition | Cost, normal purchase price | Total Checkouts | Full call number | Barcode | Date last seen | Date last borrowed | Cost, replacement price | Koha item type | Serial Enumeration / chronology |
|---|---|---|---|---|---|---|---|---|---|---|---|---|---|---|---|---|---|---|---|
| Dewey Decimal Classification | Central Library | Central Library | First floor | 08/03/2016 | Donation | 1380.00 | 1 | 617.605 PRI | 000031903 | 15/07/2025 | 25/09/2017 | 17325.00 | Book - Borrowing | ||||||
| Dewey Decimal Classification | Central Library | Central Library | First floor | 11/01/2017 | Purchase | 1380.00 | 617.605 PRI | 000040854 | 15/07/2025 | 1725.00 | Book - Borrowing | 0000480 |